<?xml version="1.0" encoding="UTF-8"?><?xml-stylesheet type="text/xsl" href="static/style.xsl"?><OAI-PMH xmlns="http://www.openarchives.org/OAI/2.0/" xmlns:xsi="http://www.w3.org/2001/XMLSchema-instance" xsi:schemaLocation="http://www.openarchives.org/OAI/2.0/ http://www.openarchives.org/OAI/2.0/OAI-PMH.xsd"><responseDate>2026-04-13T06:48:50Z</responseDate><request verb="GetRecord" identifier="oai:www.recercat.cat:10459.1/64345" metadataPrefix="marc">https://recercat.cat/oai/request</request><GetRecord><record><header><identifier>oai:recercat.cat:10459.1/64345</identifier><datestamp>2024-12-05T22:32:17Z</datestamp><setSpec>com_2072_3622</setSpec><setSpec>col_2072_479130</setSpec></header><metadata><record xmlns="http://www.loc.gov/MARC21/slim" xmlns:dcterms="http://purl.org/dc/terms/" xmlns:xsi="http://www.w3.org/2001/XMLSchema-instance" xmlns:doc="http://www.lyncode.com/xoai" xsi:schemaLocation="http://www.loc.gov/MARC21/slim http://www.loc.gov/standards/marcxml/schema/MARC21slim.xsd">
   <leader>00925njm 22002777a 4500</leader>
   <datafield ind2=" " ind1=" " tag="042">
      <subfield code="a">dc</subfield>
   </datafield>
   <datafield ind2=" " ind1=" " tag="720">
      <subfield code="a">Robleño Moreno, Irene</subfield>
      <subfield code="e">author</subfield>
   </datafield>
   <datafield ind2=" " ind1=" " tag="260">
      <subfield code="c">2016-12-22T12:04:42Z</subfield>
   </datafield>
   <datafield ind2=" " ind1=" " tag="260">
      <subfield code="c">2018-07-22T02:00:33Z</subfield>
   </datafield>
   <datafield ind2=" " ind1=" " tag="260">
      <subfield code="c">2016-07-22</subfield>
   </datafield>
   <datafield ind2=" " ind1=" " tag="520">
      <subfield code="a">Agri-environmental schemes (AES) have been designed to counteract the dramatic decline in farmland biodiversity across Europe driven by agricultural intensification. This study aimed to shed light on these aspects for the specific case of fallow fields located in a semi-arid region of the north-eastern Iberian Peninsula. Knowledge of  the vegetation assembly response (in terms of functionality) to the different agricultural management and landscape conditions improves understanding of their effect on higher trophic levels, and may potentially contribute to enhancing their viability. In this study, different management practices were experimentally tested to show their effects on the habitat suitability of two groups of species which represent farmland biodiversity and ecosystem services: steppe bird species insect pollinators, respectively. Moreover, the surrender habitat assemblage was also taken into account. This study aims to improve current conservation measures by providing valuable information about the different aptitudes of   management strategies, according to the preferences of the target species studied.</subfield>
   </datafield>
   <datafield ind2=" " ind1=" " tag="520">
      <subfield code="a">El diseño de las medidas agroambientales tiene como principal objetivo  frenar la importante pérdida de biodiversidad asociada a la intensificación agrícola que ha tenido lugar en Europa. Este estudio tiene como objetivo contribuir a incrementar dicho conocimiento para el caso específico de los barbechos en las zonas semi-áridas del noreste de la Península Ibérica. Conocer las respuestas de la comunidad vegetal –en cuanto a variaciones en sus características funcionales- a diferentes manejos agrícolas y condiciones del paisaje permite una mejor comprensión de sus efectos sobre niveles tróficos superiores, pudiendo contribuir a mejorar su viabilidad. En el presente estudio fueron evaluadas de forma experimental diferentes prácticas agrícolas con el objetivo de determinar la idoneidad del hábitat de dos grupos de especies representantes de la biodiversidad en zonas agrícolas –aves esteparias- y servicios ecosistémicos –polinizadores-. Además la configuración paisajística de los alrededores también fue tenida en cuenta. Este estudio proporciona información valiosa sobre la adecuación de los diferentes manejos agrícolas en barbechos de acuerdo a las preferencias de las especies de interés para la conservación y así contribuir en la mejora y efectividad de las medidas aplicadas en la actualidad.</subfield>
   </datafield>
   <datafield ind2=" " ind1=" " tag="520">
      <subfield code="a">El disseny de  mesures agroambientals en espais agrícoles té com a principal objectiu frenar l'important pèrdua de biodiversitat associada a la intensificació de l'agricultura que ha tingut lloc a Europa en els darrers decennis. El treball que aquí es presenta  té com a objectiu aportar  nou coneixement en aquest àmbit, en concret sobre  la gestió  dels guarets en les zones semi-àrides del nord-est de la Península Ibèrica. Així, el coneixement de la resposta de la comunitat vegetal -pel que fa a variacions en les seves característiques funcionals- a diferents manejos agrícoles i a condicions del paisatge, ha de permetre  una millor comprensió dels seus efectes sobre nivells tròfics superiors i  contribuir a millorar la seva viabilitat. En aquest sentit, en el present estudi han estat avaluades, de forma experimental, diferents pràctiques agrícoles amb l'objectiu de determinar la idoneïtat de l'hàbitat per a dos grups d'organismes: d’una banda les aus estepàries, com a representants de la biodiversitat en aquestes zones agrícoles, i d’una altra, els pol•linitzadors, indicadors de l’eficiència dels serveis ecosistèmics. En aquest context, la configuració paisatgística de l’entorn  ha estat també  tinguda en compte. Aquest estudi proporciona informació acurada sobre l'adequació dels diferents manejos agrícoles als requisits i preferències de les espècies d'interès per a la seva conservació en aquests espais, i alhora aporta propostes de millora per assolir una major efectivitat de les mesures agroambientals fins ara implementades.</subfield>
   </datafield>
   <datafield ind1="8" ind2=" " tag="024">
      <subfield code="a">http://hdl.handle.net/10459.1/64345</subfield>
   </datafield>
   <datafield tag="653" ind2=" " ind1=" ">
      <subfield code="a">Mesures agroambientals</subfield>
   </datafield>
   <datafield tag="653" ind2=" " ind1=" ">
      <subfield code="a">Guarets</subfield>
   </datafield>
   <datafield tag="653" ind2=" " ind1=" ">
      <subfield code="a">Conservació</subfield>
   </datafield>
   <datafield tag="653" ind2=" " ind1=" ">
      <subfield code="a">Medidas agroambientales</subfield>
   </datafield>
   <datafield tag="653" ind2=" " ind1=" ">
      <subfield code="a">Barbechos</subfield>
   </datafield>
   <datafield tag="653" ind2=" " ind1=" ">
      <subfield code="a">Conservación</subfield>
   </datafield>
   <datafield tag="653" ind2=" " ind1=" ">
      <subfield code="a">Agri-environmental schemes</subfield>
   </datafield>
   <datafield tag="653" ind2=" " ind1=" ">
      <subfield code="a">Fallow lands</subfield>
   </datafield>
   <datafield tag="653" ind2=" " ind1=" ">
      <subfield code="a">Farmland biodiversity conservation</subfield>
   </datafield>
   <datafield tag="653" ind2=" " ind1=" ">
      <subfield code="a">Botànica</subfield>
   </datafield>
   <datafield tag="653" ind2=" " ind1=" ">
      <subfield code="a">574</subfield>
   </datafield>
   <datafield ind2="0" ind1="0" tag="245">
      <subfield code="a">Fallow lands as a tool for farmland biodiversity conservation</subfield>
   </datafield>
</record></metadata></record></GetRecord></OAI-PMH>